Регионална библиотека "Любен Каравелов" - Русе

Песни за изпълнение и творби за възприемане по музика за 8 клас на ЕСПУ. (Запис номер 524589)

MARC детайли
000 -Лидер
Лидер 02258njm a2200289 a 4500
003 - Код на организацията, давaща контролен номер
Код на организацията, даваща контролен номер BLK
005 - Дата и час на последна редакция
Дата и час на последна редакция 20250107113233.0
007 - Фиксирано поле за физическо описани
Физическо описание sd ammalaaahaa
008 - Елементи от данни с фиксирана дължина
Елементи с фиксирана дължина 240808b bul||n|| |||||||| n|bulo|
028 ## - PUBLISHER NUMBER
Издателски номер ВЕА 90015
040 ## - Източник на каталожния запис
Код на библиотеката BLK
041 ## - Код за език
Език на записа Български
Език за КДБФ Български
080 ## - УДК
УДК текст Симфонична програмна музика. Симфонична поема
УДК код 785.11.04
УДК – определител (086.72)
УДК – код + определител 785.11.04(086.72)
245 ## - Сведения за заглавието
Заглавие Песни за изпълнение и творби за възприемане по музика за 8 клас на ЕСПУ.
Подзаглавни данни От класицизма към XIX век - 2 част
Авторска отговорност съст. Киприана Беливанова; ред. Евгения Маева
260 ## - Област на издателските данни
Място на издаване София
Име на издателя Балкантон
Година на издаване 1990
9 (RLIN) 210374
300 ## - Физическа характеристика
Брой страници 1 грамофонна плоча
Илюстрации 33 об/мин. : стерео
Размер 30 см
380 ## - Жанр
Жанр Изкуство
500 ## - Общи забележки
Обща забележка Страна А <br/>4 част (Престо. Алегро асай) из "Симфония № 9 в ре минор, оп. 125" / музика Лудвиг ван Бетховен; изпълнява Симфоничен оркестър на Концертгебау - Амстердам; диригент Ойген Йохум; солисти Л. Ребман, А. Райнолдс, А. Де Ридер, Г. Фелдхоф и Нидерлански радиохор; хормайстор К. Лаут <br/><br/><br/><br/><br/><br/><br/><br/><br/><br/><br/><br/><br/><br/>
500 ## - Общи забележки
Обща забележка Страна В<br/>1 част (Престо) из "Соната за пиано в ми минор" / музика Йозеф Хайдн; изпълнява Антон Диков <br/>1 част (Алегро модерато) из "Симфония № 8 в си минор Недовършена" / музика Франц Шуберт; изпълнява Виенската филхармония; диригент Дьорд Шолти <br/><br/><br/><br/>
653 ## - Ключова дума – ненормативна
9 (RLIN) 196604
Ключови думи симфонична музика
700 ## - Други автори (авторска отговорност)
9 (RLIN) 1478
Друг автор Беливанова, Киприана Димитрова
Авт. отговорност на др. автор състав.
700 ## - Други автори (авторска отговорност)
9 (RLIN) 1311
Друг автор Маева, Евгения
Авт. отговорност на др. автор ред.
852 ## - Местоположение
Сигнатура (форматна) Ф ІІ 7631
Отдел Хранилище
856 ## - Електронен адрес и достъп
Инструкция (цена за достъп) 0.00
Права за достъп disable
942 ## - АРТИКУЛИ
Вид на библиотечния документ Грамофонни плочи
Скрит в OPAC Не
944 ## - СЪЗДАВАНЕ И РЕДАКЦИЯ на ЗАПИСА
Дата на регистрацията/редакция Христина Везирева
Служител, извършил регистрацията/редакцията 30535
Статус, дата на статуса Христина Везирева
Създаване/Редакция
999 ## - СИСТЕМНИ КОНТРОЛНИ НОМЕРА
Koha biblionumber 524589
Koha biblioitemnumber 524589
Наличности
Код за отписване Код за изгубен артикул Източник на класификационната схема Код за повреда Код за отдаване Артикулен № Име на библиотеката - собственик Име на библиотеката, в която се намира в момента Статус (Текущо местоположение) Дата на вписване в системата Местоположение - отдел Цена в лева Инвентарен номер Систематично азбучна сигнатура Баркод Цена в евро Служебен тип на артикула
  Не е изгубен Universal Decimal Classification Не е повреден ползва се в читалня 957552 Регионална библиотека "Любен Каравелов" Русе Регионална библиотека "Любен Каравелов" Русе Хранилище 2025-01-07 Хранилище 2.30 18367 Ф ІІ 7631 900000111922 1.18 Грамофонни плочи
Vip Innovations Ltd, Rousse, Bulgaria 2025